000 00995nam a22002297a 4500
005 20120731101411.0
010 _aB-454610
020 _a8173870381
_c200.00
035 _aB-454610
037 _adpl
_bBlueberry Pub/Ven
082 _a280.95456
100 _aDebbarma, Sukhendu
_950835
245 _aOrigin and growth of christianity in Tripura/
_cby Sukhendu Debbarma
260 _aNew Delhi
_bIndus publishing Company
_c1996
270 _aFS-5 Tagore garden
_bNew Delhi
300 _a112 p.
_c22cm
490 _aIndex
_950836
500 _aWith special Reference to the New zealand bapist Missionary Society 1938-1988
942 _2ddc
_cEN
_mDEB
_h280.95456
999 _c68801
_d68801